Word Scramble - Countries of South America - Statistics

General Stats
  • This quiz has been taken 38 times
  • The average score is 11 of 12
Answer Stats
Hint Answer % Correct
reup peru
100%
naiergtna argentina
97%
ilrabz brazil
97%
liehc chile
97%
aiblivo bolivia
93%
ruagyuu uruguay
93%
decuaor ecuador
90%
naagyu guyana
90%
arygupaa paraguay
90%
oiabocml colombia
87%
nzueealve venezuela
87%
iumsaner suriname
80%
No matching quizzes found
Score Distribution
Percent of People with Each Score
Percentile by Number Answered
Your Score History
You have not taken this quiz